000
00331nam a2200145Ia 4500
100
_a
Morrison donald F.
942
_c
BK
654
_a
statistical methods
245
_a
Multivariate statistical methods
260
_b
Mc Graw Hill
_a
New York
_c
1990
082
_a
519.539
_b
MOR
300
_a
495
546
_a
ENGLISH
999
_c
21264
_d
21264